000 00744cam a2200241 i 4500
001 3160734
005 20180829072110.0
008 750423s1975 dcua b 000 0 engd
010 _a 75004176
020 _a0309023432
040 _aDLC
_cDLC
_dDLC
041 _aeng
043 _an-us---
051 _aTD195.M5
_bN37 1975 Suppl.
080 _a333.809
082 0 0 _a333.809
100 _a9
101 _aMJE
245 1 0 _aMineral resources and the environment :
_cprepared by the Committee on Mineral Resources and the Environment (COMRATE), Commission on Natural Resources, National Research Council.
504 _aBibliography: p. 317-33.
906 _a7
_bcbc
_corignew
_d2
_eocip
_f19
_gy-gencatlg
942 _2ddc
_cBK
999 _c47408
_d47408